00851 a2200157 4500003000500000005001700005040000900022082001900031100001700050245004400067260004900111300001700160505046500177600001700642650003400659Nust20221205091457.0 cNust a621.381528,LOA aArthur W. Lo aTransistor electronics /cArthur W. Lo  aPrentice-HallbEnglewood Cliffs [N.J.]c1958 a521 pb22 cm aPhysical Concepts (Page-1), Characteristics, Parameters Equivalent Circuits (Page-37), Basic Amplifier Configurations (Page-81), Direct Current Bias Circuits (Page-131), Low Frequency Amplifiers (Page-155), Power Amplifiers (Page-197), High Frequency Operation (Page-225), Physical Interpretation of Transistor Parameters (Page-272), High Frequency Amplifiers (Page-310), Oscillators (Page-349), Modulation and Demodulation (Page-385), Pulse Circuit (Page-433) aArthur W. Lo aTelecommunication Engineering